Ứng dụng công nghệ thông tin trong dạy học ở Tiểu học Tài liệu lưu hành nội bộ
Enregistré dans:
| Auteur principal: | |
|---|---|
| Format: | Livre |
| Publié: |
Đồng Tháp
Đại học Đồng Tháp
2015
|
| Sujets: | |
| Tags: |
Ajouter un tag
Pas de tags, Soyez le premier à ajouter un tag!
|
| Thư viện lưu trữ: | Trung tâm Học liệu Lê Vũ Hùng, Trường Đại học Đồng Tháp |
|---|
| LEADER | 00863pam a22002298a 4500 | ||
|---|---|---|---|
| 001 | 00044134 | ||
| 005 | 20190419150401.0 | ||
| 008 | 110506s1983 ||||||Viesd | ||
| 020 | # | # | |c 7000 |
| 041 | 0 | # | |a Vie |
| 082 | 1 | 4 | |a 372.21 |b Ư556D |
| 100 | 1 | # | |a Lê, Duy Cường |
| 245 | 0 | 0 | |a Ứng dụng công nghệ thông tin trong dạy học ở Tiểu học |c Lê Duy Cường; Võ Thị Nhỏ |b Tài liệu lưu hành nội bộ |
| 260 | # | # | |a Đồng Tháp |b Đại học Đồng Tháp |c 2015 |
| 300 | # | # | |a 21 tr. |c 27 cm. |
| 653 | # | # | |a Công nghệ thông tin |
| 653 | # | # | |a Giáo dục |
| 653 | # | # | |a Tiểu học |
| 653 | # | # | |a Ứng dụng |
| 852 | # | # | |j KD.0025744 |j KM.0029626 |j KM.0029625 |j KM.0029628 |j KM.0029627 |
| 910 | # | # | |d 19/4/2019 |
| 980 | # | # | |a Trung tâm Học liệu Lê Vũ Hùng, Trường Đại học Đồng Tháp |